Statistics for Progressively Harder Science Trivia

Click here to take the quiz!

General Stats

  • This quiz has been taken 41 times
  • The average score is 14 of 28

Answer Stats

HintAnswer% Correct
The largest desert in the worldAntarctica
82%
The powerhouse of the cellMitochondria
82%
Stored energy is _________ energyPotential
79%
The amount of space an object takes upVolume
79%
Adult humans typically have this many bones206
76%
Plants use this gas during photosynthesis to make glucoseCarbon Dioxide
76%
Name one of the two factors that determine how much kinetic energy an object hasMass and Velocity
74%
This part of your body helps you balanceEars
68%
The tendency of an object to resist any change in its motionInertia
68%
The only planet in our solar system that spins clockwiseVenus
65%
Sharks have this many bonesZero
65%
Adult humans typically have this many teeth32
62%
The first man-made satellite launched into spaceSputnik 1
59%
A material that does not carry an electric charge or heat wellInsulator
56%
When waves bounce off a surfaceReflection
56%
The outermost electrons in a atom that help the atom to form a bondValence Electrons
56%
The temperature that Celsius and Fahrenheit are equal to each other-40
47%
Different forms of the same geneAlleles
47%
The substances you start with in a chemical equationReactants
47%
The Earth is tilted on its axis about this much23.5 Degrees
44%
The organelle found in plants that converts sunlight into energyChloroplasts
44%
The rarest human blood typeAB Negative
18%
This mountain peak is farthest from the center of the EarthChimborazo
18%
The number following an element in a molecule that tells you how many atoms there are of that elementSubscript
18%
The electron configuration of element number 20 (Calcium)2, 8, 8, 2
12%
The boundary between two tectonic plates that are moving away from each otherDivergent Boundary
12%
This type of cell has no nucleusProkaryotic Cells
12%
The S in LASER stands forStimulation
3%

Score Distribution

Percentile by Number Answered

Percent of People with Each Score

Your Score History

You have not taken this quiz